00602nam a2200169Ia 4500003000900000008004100009040001600050080001500066100001600081245019700097250001200294260004000306300001400346650002600360650002600386700002000412IN-BaIIA211028s9999 xx 000 0 eng d cIIA Library a954bWIL-1 aWilks, Mark 0aHistorical sketches of the south Indian historybvol. 1, from the earliest times to the last Muhammadan dynastycMark Wilks and Murray Hammick  a2nd ed. aNew DelhibCosmo Publicationsc1980 alx, 453p. aHistory - South India aSouth India - history aHammick, Murray